[Event "AUT Bundesliga 2021-22"]
[Site "Graz"]
[Date "2022.03.24"]
[Round "5.10"]
[White "Diermair, Andreas"]
[Black "Gschnitzer, Adrian"]
[Result "1/2-1/2"]
[WhiteElo "2469"]
[BlackElo "2414"]
[Annotator "ChessBase"]
[PlyCount "77"]
[EventDate "2021.11.04"]
[EventType "team-tourn"]
[EventCountry "AUT"]
[SourceTitle "playchess.com"]
[Source "ChessBase"]
[SourceQuality "1"]
[TimeControl "40/5400+30:1800+30"]

1. d4 {[%emt 0:00:05]} d5 {[%emt 0:00:14]} 2. c4 {[%emt 0:00:21]} e6 {[%emt 0:00:09]} 3. Nc3 {[%emt 0:00:15]} c6 {[%emt 0:00:11]} 4. e3 {[%emt 0:01:08]} Nf6 {[%emt 0:00:14]} 5. Nf3 {[%emt 0:01:28]} Nbd7 {[%emt 0:00:21]} 6. Qc2 {[%emt 0:01:09]} Bd6 {[%emt 0:00:16]} 7. Bd3 {[%emt 0:00:09]} dxc4 {[%emt 0:00:09]} 8. Bxc4 {[%emt 0:00:04]} b5 {[%emt 0:00:12]} 9. Be2 {[%emt 0:00:45]} O-O {[%emt 0:01:00]} 10. O-O {[%emt 0:04:49]} Bb7 {[%emt 0:01:19]} 11. e4 {[%emt 0:00:15]} e5 {[%emt 0:00:41]} 12. dxe5 {[%emt 0:00:38]} Nxe5 {[%emt 0:00:03]} 13. Nh4 {[%emt 0:01:23]} b4 {[%emt 0:07:29]} 14. Nf5 {[%emt 0:03:19]} bxc3 {[%emt 0:10:15]} 15. Rd1 {[%emt 0:00:15]} Nd5 {[%emt 0:06:08]} 16. exd5 {[%emt 0:08:41]} cxd5 {[%emt 0:01:01]} 17. Qxc3 {[%emt 0:01:30]} Re8 {[%emt 0:14:30]} 18. Be3 {[%emt 0:20:18]} Bf8 {[%emt 0:04:27]} 19. Qb3 {[%emt 0:07:56]} Qb8 {[%emt 0:19:08]} 20. Nd4 {[%emt 0:14:43]} Nc4 {[%emt 0:09:26]} 21. Bxc4 {[%emt 0:03:04]} dxc4 {[%emt 0:00:01]} 22. Qxc4 {[%emt 0:00:18]} Qe5 {[%emt 0:01:43]} 23. Qb5 {[%emt 0:05:06]} Qe4 {[%emt 0:01:59]} 24. Nf3 {[%emt 0:00:11]} a6 {[%emt 0:01:13]} 25. Qd3 {[%emt 0:06:04]} Qg4 {[%emt 0:02:51]} 26. h3 {[%emt 0:00:11]} Qh5 {[%emt 0:00:46]} 27. Ng5 {[%emt 0:06:24]} Be7 {[%emt 0:03:17]} 28. Qd7 {[%emt 0:05:12]} Bxg5 {[%emt 0:09:40]} 29. Qxb7 {[%emt 0:00:10]} Bxe3 {[%emt 0:00:12]} 30. fxe3 {[%emt 0:00:04]} Qg5 {[%emt 0:02:03]} 31. Qf3 {[%emt 0:01:36]} Qxe3+ {[%emt 0:01:19]} 32. Qxe3 {[%emt 0:00:10]} Rxe3 {[%emt 0:00:01]} 33. Kf2 {[%emt 0:01:51]} Re6 {[%emt 0:00:57]} 34. Rac1 {[%emt 0:01:00]} g6 {[%emt 0:01:08]} 35. Rc3 {[%emt 0:01:35]} Ra7 {[%emt 0:01:28]} 36. Re1 {[%emt 0:01:34]} Rf6+ {[%emt 0:01:16]} 37. Rf3 {[%emt 0:00:12]} Rb6 {[%emt 0:00:20]} 38. Re2 {[%emt 0:00:52]} h5 {[%emt 0:00:26]} 39. Rf4 {[%emt 0:00:42]} 1/2-1/2

[Event "AUT Bundesliga 2021-22"]
[Site "Graz"]
[Date "2022.03.24"]
[Round "5.11"]
[White "Mesaros, Florian"]
[Black "Sebenik, Matej"]
[Result "1/2-1/2"]
[WhiteElo "2419"]
[BlackElo "2510"]
[Annotator "TA"]
[PlyCount "87"]
[EventDate "2021.11.04"]
[EventType "team-tourn"]
[EventCountry "AUT"]
[SourceTitle "playchess.com"]
[Source "ChessBase"]
[SourceQuality "1"]

{[%evp 15,87,8,21,13,22,14,25,0,0,0,18,18,12,-15,14,-2,-6,-72,-65,-79,-77,-76,-69,-82,-77,-74,-74,-71,-83,-63,-74,-84,-83,-75,-72,-83,-85,-79,-78,-93,-94,-89,-88,-79,-93,-111,-102,-127,-109,-95,-82,-73,-6,-56,-30,-29,-31,-37,-29,-26,-20,-22,0,-27,-30,-27,-13,-32,0,0,0,0,0,0]} 1. d4 d5 2. c4 e6 3. Nc3 Nf6 4. cxd5 exd5 5. Bg5 c6 6. e3 h6 7. Bh4 Be7 8. Bd3 O-O 9. Nge2 {D35: Queen's Gambit Declined: Exchange Variation.} Re8 10. O-O Nbd7 11. f3 {White has an edge.} b5 {[%cal Bb7b5,Bb5b4][%mdl 32] now supersedes 11...Nf8.} 12. Qc2 a5 13. a3 Ba6 {[#]} 14. Kh1 $146 ({Predecessor:} 14. e4 Qb6 15. exd5 cxd5 16. Bxf6 Nxf6 17. Qb3 b4 18. Bxa6 Qxa6 19. axb4 Bxb4 20. Nf4 {½-½ (41) Sevian,S (2654)-Sargissian,G (2664) Riga 2021}) 14... Qb8 15. Bg3 Qb7 ({Don't play} 15... Bd6 16. e4 $14) 16. e4 (16. Nf4 $11) 16... b4 $17 {Hoping for ...Bxd3.} 17. Nd1 Bxd3 18. Qxd3 {[#]} dxe4 19. fxe4 c5 20. e5 {[#] axb4 is the strong threat.} Qe4 $1 21. Nf2 (21. Qc4 Nb6) 21... Qxd3 22. Nxd3 Nd5 23. dxc5 Nxc5 24. Nxc5 Bxc5 25. Rfd1 Ne3 26. Rdc1 Bf8 27. Nd4 bxa3 28. bxa3 a4 29. Nb5 {Strongly threatening Nc7.} Red8 30. h3 Rd3 31. Bf4 Nd5 32. Bh2 Rb8 33. Nd6 Rd8 (33... Rc3 $17) 34. Rc4 (34. Rd1 $11 Rxd1+ 35. Rxd1) 34... f6 {aiming for ...fxe5.} 35. Rxa4 fxe5 36. Ne4 Nb6 37. Ra6 Rd1+ (37... Nc4 $5 {[%cal Rd3d1]} 38. Nf2 R3d4 $17) 38. Rxd1 Rxd1+ 39. Bg1 Nc4 {White must now prevent ...Re1.} 40. Kh2 Re1 41. Nc3 e4 {And now ...e3 would win.} 42. Bf2 {The position is equal.} Ra1 43. Nxe4 Rxa3 44. Rxa3 {Weighted Error Value: White=0.13 (very precise) /Black=0.09 (flawless)} 1/2-1/2

[Event "AUT Bundesliga 2021-22"]
[Site "Graz"]
[Date "2022.03.24"]
[Round "5.12"]
[White "Janzelj, Tim"]
[Black "Poetz, Florian"]
[Result "1-0"]
[WhiteElo "2463"]
[BlackElo "2424"]
[Annotator "ChessBase"]
[PlyCount "101"]
[EventDate "2021.11.04"]
[EventType "team-tourn"]
[EventCountry "AUT"]
[SourceTitle "playchess.com"]
[Source "ChessBase"]
[SourceQuality "1"]
[TimeControl "40/5400+30:1800+30"]

1. d4 {[%emt 0:00:05]} Nf6 {[%emt 0:00:10]} 2. c4 {[%emt 0:00:06]} c5 {[%emt 0:01:32]} 3. d5 {[%emt 0:00:18]} e6 {[%emt 0:00:05]} 4. Nc3 {[%emt 0:00:13]} exd5 {[%emt 0:00:05]} 5. cxd5 {[%emt 0:00:07]} d6 {[%emt 0:00:04]} 6. e4 {[%emt 0:00:51]} g6 {[%emt 0:00:19]} 7. h3 {[%emt 0:00:10]} Bg7 {[%emt 0:00:31]} 8. Nf3 {[%emt 0:00:10]} O-O {[%emt 0:00:34]} 9. Bd3 {[%emt 0:00:11]} a6 {[%emt 0:01:21]} 10. a4 {[%emt 0:00:09]} Nh5 {[%emt 0:01:19]} 11. O-O {[%emt 0:03:11]} Nd7 {[%emt 0:00:48]} 12. Bg5 {[%emt 0:00:49]} Bf6 {[%emt 0:01:31]} 13. Bh6 {[%emt 0:00:33]} Bg7 {[%emt 0:06:51]} 14. Bg5 {[%emt 0:06:29]} Bf6 {[%emt 0:02:20]} 15. Be3 {[%emt 0:00:11]} Re8 {[%emt 0:03:52]} 16. Nd2 {[%emt 0:12:10]} Bd4 {[%emt 0:05:58]} 17. Re1 {[%emt 0:12:44]} Ne5 {[%emt 0:06:47]} 18. Bf1 {[%emt 0:03:03]} Bxe3 {[%emt 0:12:12]} 19. Rxe3 {[%emt 0:00:18]} Nf4 {[%emt 0:00:15]} 20. Rb1 {[%emt 0:17:54]} g5 {[%emt 0:05:48]} 21. Nf3 {[%emt 0:04:24]} Neg6 {[%emt 0:04:04]} 22. Nh2 {[%emt 0:03:54]} Ne5 {[%emt 0:08:52]} 23. g3 {[%emt 0:01:57]} Nfg6 {[%emt 0:00:17]} 24. Qh5 {[%emt 0:02:59]} f5 {[%emt 0:02:48]} 25. exf5 {[%emt 0:02:15]} Bxf5 {[%emt 0:00:06]} 26. Rbe1 {[%emt 0:00:22]} Rf8 {[%emt 0:00:56]} 27. Ng4 {[%emt 0:07:00]} Bxg4 {[%emt 0:08:35]} 28. hxg4 {[%emt 0:00:02]} Kg7 {[%emt 0:04:56]} 29. Bg2 {[%emt 0:06:13]} h6 {[%emt 0:04:43]} 30. Be4 {[%emt 0:00:28]} Qe8 {[%emt 0:03:10]} 31. Rf1 {[%emt 0:09:33]} Ne7 {[%emt 0:03:53]} 32. Qh3 {[%emt 0:02:42]} Qd7 {[%emt 0:00:46]} 33. f3 {[%emt 0:01:47]} Rf7 {[%emt 0:04:07]} 34. Re2 {[%emt 0:00:55]} Raf8 {[%emt 0:00:48]} 35. Ref2 {[%emt 0:00:03]} b5 {[%emt 0:05:30]} 36. axb5 {[%emt 0:00:02]} axb5 {[%emt 0:00:04]} 37. Nd1 {[%emt 0:00:36]} c4 {[%emt 0:01:18]} 38. Kg2 {[%emt 0:00:46]} Qa7 {[%emt 0:00:36]} 39. Re2 {[%emt 0:02:00]} b4 {[%emt 0:01:27]} 40. Ne3 {[%emt 0:00:00]} Qc5 {[%emt 0:00:00]} 41. f4 {[%emt 0:21:34]} gxf4 {[%emt 0:12:00]} 42. gxf4 {[%emt 0:03:16]} Nd3 {[%emt 0:11:09]} 43. Nf5+ {[%emt 0:01:11]} Nxf5 {[%emt 0:00:13]} 44. gxf5 {[%emt 0:00:05]} Rf6 {[%emt 0:01:34]} 45. Kh2 {[%emt 0:03:56]} Qd4 {[%emt 0:02:42]} 46. Rg1+ {[%emt 0:00:33]} Kh8 {[%emt 0:00:36]} 47. Qg4 {[%emt 0:02:00]} R6f7 {[%emt 0:00:34]} 48. Bxd3 {[%emt 0:01:13]} cxd3 {[%emt 0:02:05]} 49. Re6 {[%emt 0:00:06]} Rh7 {[%emt 0:03:18]} 50. Rg6 {[%emt 0:01:32]} Qxd5 {[%emt 0:00:48]} 51. Rg7 {[%emt 0:00:20]} 1-0

[Event "AUT Bundesliga 2021-22"]
[Site "Graz"]
[Date "2022.03.24"]
[Round "5.13"]
[White "Bluebaum, Matthias"]
[Black "Ragger, Markus"]
[Result "1/2-1/2"]
[WhiteElo "2642"]
[BlackElo "2656"]
[Annotator "TA"]
[PlyCount "61"]
[EventDate "2021.11.04"]
[EventType "team-tourn"]
[EventCountry "AUT"]
[SourceTitle "playchess.com"]
[Source "ChessBase"]
[SourceQuality "1"]

{[%evp 16,61,21,21,29,29,24,20,20,27,30,28,24,25,23,18,23,23,23,14,25,14,17,20,27,0,0,0,0,0,20,0,14,0,0,0,0,0,0,0,0,0,0,-12,0,0,0,0]} 1. Nf3 Nf6 2. c4 c5 3. b3 g6 4. Bb2 Bg7 5. g3 b6 6. Bg2 Bb7 7. O-O O-O 8. d4 cxd4 9. Qxd4 d6 {A30: Symmetrical English: Double Fianchetto and Hedgehog.} 10. Rd1 Nbd7 11. Ne1 Qb8 12. Nc3 Ne4 13. Qe3 Nxc3 14. Bxc3 Bxc3 15. Qxc3 Nf6 16. Rac1 Rc8 17. Qe3 Rc7 18. Nd3 Bxg2 19. Kxg2 Qb7+ 20. Qf3 Rac8 {The position is equal.} 21. Qxb7 Rxb7 22. f3 Kf8 {[#]} 23. e4 $146 ({Predecessor:} 23. Kf2 Rbc7 24. e4 Nd7 25. Ke3 {½-½ (25) Rabrenovic,V (2334)-Marinkovic,I (2449) Kragujevac 2016}) 23... e6 24. e5 dxe5 25. Nxe5 Ke7 26. Rd4 Nd7 27. Nxd7 Rxd7 28. Rxd7+ Kxd7 29. Kf2 h5 30. Ke3 Ke7 31. Ke4 {An interesting draw.  Weighted Error Value: White=0.05 (flawless) /Black=0.03 (flawless)} 1/2-1/2

[Event "AUT Bundesliga 2021-22"]
[Site "Graz"]
[Date "2022.03.24"]
[Round "5.14"]
[White "Predojevic, Borki"]
[Black "Nisipeanu, Liviu-Dieter"]
[Result "1-0"]
[WhiteElo "2585"]
[BlackElo "2652"]
[Annotator "TA"]
[PlyCount "67"]
[EventDate "2021.11.04"]
[EventType "team-tourn"]
[EventCountry "AUT"]
[SourceTitle "playchess.com"]
[Source "ChessBase"]
[SourceQuality "1"]

{[%evp 16,67,34,33,52,22,34,25,42,38,39,43,54,57,80,93,89,88,85,83,96,73,61,73,89,79,124,46,67,0,39,0,250,247,204,227,441,385,585,486,514,451,446,420,418,407,572,535,29989,29990,29990,1628,29992,1258]} 1. e4 e5 2. Nf3 Nc6 3. Bb5 a6 4. Ba4 d6 5. Bxc6+ bxc6 6. d4 f6 7. Nc3 Ne7 8. Be3 Ng6 9. Qe2 Be6 {C73: Ruy Lopez: Deferred Steinitz: 5 Bxc6+.} 10. h4 h5 11. dxe5 dxe5 {White has an edge.} 12. Nd2 {[#]} Bb4 $146 ({Predecessor:} 12... Qb8 13. b3 Be7 14. g3 Nf8 15. f4 exf4 16. gxf4 Qb4 17. Na4 f5 18. exf5 Rd8 19. fxe6 {1-0 (27) Prelevic,D (2321)-Milosevic,A (2280) Vrnjacka Banja 2009}) 13. Na4 Qe7 14. g3 Nf8 15. a3 Bd6 16. Qd3 Nd7 17. O-O-O Qf7 18. f3 O-O 19. Qc3 Rab8 20. Qxc6 Rb5 (20... Rfd8 $142) 21. Qc3 (21. Nc3 $16) 21... Rfb8 $14 22. g4 hxg4 23. h5 Nb6 $2 ({But not} 23... g3 24. Rdg1 $14) (23... Qe7 $11 {and Black has nothing to worry.}) 24. Nxb6 $18 cxb6 25. Nc4 Rc8 $2 (25... Bxc4 26. Rxd6 Be2 27. fxg4) (25... Be7) 26. Rxd6 Rxc4 {[#]} (26... Bxc4 {might work better.} 27. h6 (27. fxg4 Qb7 $14) 27... g5) 27. h6 $1 gxh6 28. Rd8+ Kg7 29. Bxh6+ Kg6 30. Qd2 Rbc5 (30... Qc7 $142) 31. c3 {[#] Intending Qh2 and mate.} Rd4 32. Qh2 Rxd8 33. Be3 (33. Bd2 $142 Rxc3+ 34. bxc3 Qb7 35. Qh5+ Kg7 36. Bh6+ Kh8 37. Bf8+ Kg8 38. Qh8+ Kf7 39. Rh7+ Kg6 40. Rg7+ Qxg7 41. Qxg7+ Kh5 42. Qh6#) 33... Qc7 34. Bxc5 {Weighted Error Value: White=0.13 (very precise) /Black=0.94} (34. Qh5+ $142 Kg7 35. Bh6+ Kh8 36. Bf8+ Kg8 37. Qh8+ Kf7 38. Rh7+ Kg6 39. Rg7+ Qxg7 40. Qxg7+ Kh5 41. Qh6#) 1-0

[Event "AUT Bundesliga 2021-22"]
[Site "Graz"]
[Date "2022.03.24"]
[Round "5.15"]
[White "Svane, Rasmus"]
[Black "Handler, Lukas"]
[Result "1-0"]
[WhiteElo "2637"]
[BlackElo "2436"]
[Annotator "TA"]
[PlyCount "151"]
[EventDate "2021.11.04"]
[EventType "team-tourn"]
[EventCountry "AUT"]
[SourceTitle "playchess.com"]
[Source "ChessBase"]
[SourceQuality "1"]

{[%evp 9,151,0,0,-4,0,0,0,-19,0,-19,25,2,0,13,17,24,35,0,0,0,0,0,0,0,0,0,0,0,32,22,13,16,15,0,0,7,1,6,9,0,0,0,0,0,0,0,4,-8,0,0,0,-17,0,-19,0,0,0,0,0,-18,-3,-16,0,0,0,0,14,0,0,0,0,0,0,0,0,0,0,0,0,-15,-3,-20,-18,-18,-10,-25,-18,-18,-20,-48,0,0,0,-6,0,-4,0,0,0,0,0,0,0,0,0,0,0,0,0,0,6,6,6,6,6,6,13,0,13,8,75,14,14,21,165,136,191,189,247,223,211,222,216,217,300,293,659,245,644,640,1856,1541,2391,1443]} 1. Nf3 d5 2. g3 g6 3. c4 dxc4 4. Na3 Bg7 5. Nxc4 Nc6 6. d3 {A09: Réti Opening: 1 Nf3 d5 2 c4.} e5 {[%cal Oe5e4]} 7. Bd2 Nge7 8. h4 {The position is equal.} Be6 {[%cal Oe5e4]} 9. Bg2 {[#]} Qd7 $146 (9... h6 $142) ({Predecessor:} 9... h6 10. Rc1 Nd5 11. b4 a6 12. a3 O-O 13. O-O Re8 14. Ne3 Nxe3 15. Bxe3 Nd4 16. Nxd4 exd4 {1-0 (75) Sjugirov,S (2661)-Frolyanov,D (2533) Bryansk 2021}) 10. Ng5 {[%cal Bf3g5,Bg5e4,Be4c5][%mdl 32]} Bd5 $1 11. Ne4 O-O-O 12. Rc1 Kb8 {[#]} 13. Nc5 $1 Qc8 14. Bxd5 Nxd5 15. b4 Bf8 $1 ({Resist} 15... Ncxb4 16. Bxb4 Nxb4 17. Qa4 $16) 16. Na5 Nxa5 17. bxa5 Bxc5 18. Rxc5 Rhe8 19. Qb3 Qe6 20. O-O Nf4 21. Re1 Qxb3 22. axb3 b6 {Strongly threatening ...Nxe2+.} 23. Rc4 Ne6 24. Kf1 Kb7 25. Rec1 Rd7 26. Be3 Rd5 27. b4 Re7 28. Ra1 Red7 29. Rc3 Rb5 30. Ra4 Nd4 31. Rc4 h5 32. Ra1 Nf5 33. Bd2 Nd4 34. Be1 Rbd5 35. f3 Nb5 36. Bf2 Nd6 37. Rc2 Nb5 38. Kg2 Nd4 39. Rca2 Nc6 40. Be1 Rb5 41. Ra4 bxa5 42. bxa5 a6 43. Rc4 Nd4 44. Kf1 c5 45. Ra2 Kc6 46. Bc3 Kd5 47. Kf2 Rb1 48. f4 f6 49. e3 {Dancing on a razor blade.} Nc6 (49... Nb5 $15 {is more appropriate.} 50. Bd2 Rc7) 50. Rc2 $11 {[%cal Oc3e5]} Rb5 51. e4+ Kd6 52. Ke3 Ke6 53. Rg2 Nxa5 54. Ra4 Nc6 55. Rxa6 Rd6 {[%cal Oc5c4]} 56. fxe5 Nxe5 57. Rxd6+ Kxd6 {[%mdl 4096] Endgame KRB-KRN} 58. Ra2 {aiming for Ra6+.} Rb6 {Inhibits Ra6.} 59. Ra7 Nd7 60. Kd2 Ke6 61. Kc2 Rd6 62. Ra8 Kf7 63. Bd2 Rb6 64. Be3 Rb4 {[#]} (64... Re6 $11) 65. Ra1 (65. Ra5 $1 $16) 65... Rb7 66. Kc3 Ne5 {This move loses the game for Black.} (66... Ke7 $11) 67. Bxc5 $18 Rd7 (67... Ng4 $16 68. Ra2 Rc7) 68. d4 {[%cal Bd3d4,Bd4d5][%mdl 32]} Ng4 (68... Rc7 $142 69. Ra6 Ng4) 69. Kc4 Nf2 70. Re1 {Threatens to win with e5.} Ng4 71. Re2 Ke6 72. d5+ Ke5 $2 (72... Kf7 73. Bd4 Rc7+ 74. Kb5 Rc1) 73. Bd4+ Kd6 {[#]} 74. Bxf6 $1 {[%mdl 512] And now e5+ would win. White is clearly winning.} Rc7+ (74... Ne5+ 75. Kd4) 75. Kd4 {Black must now prevent e5+.} Nxf6 76. e5+ {Weighted Error Value: White=0.04 (flawless) /Black=0.04 (flawless)} 1-0

[Event "AUT Bundesliga 2021-22"]
[Site "Graz"]
[Date "2022.03.24"]
[Round "5.16"]
[White "Buhmann, Rainer"]
[Black "Wagner, Dennis"]
[Result "1/2-1/2"]
[WhiteElo "2569"]
[BlackElo "2584"]
[Annotator "TA"]
[PlyCount "70"]
[EventDate "2021.11.04"]
[EventType "team-tourn"]
[EventCountry "AUT"]
[SourceTitle "playchess.com"]
[Source "ChessBase"]
[SourceQuality "1"]

{[%evp 19,70,7,2,2,30,26,62,54,90,100,122,112,111,99,97,76,77,65,115,137,121,127,122,22,133,43,48,49,44,48,43,44,42,44,47,45,42,42,38,40,45,0,0,0,0,-3,80,77,157,66,160,0,0]} 1. d4 Nf6 2. c4 g6 3. Nf3 Bg7 4. Nc3 d5 5. cxd5 Nxd5 6. e4 Nxc3 7. bxc3 c5 8. Bb5+ Nc6 9. O-O O-O 10. Bxc6 bxc6 11. Qc2 $1 {[%mdl 4] is currently scoring better than 11.Ba3. D85: Exchange Grünfeld: Unusual White 7th moves and lines with 7 Nf3.} Bg4 12. Ne5 {[#]} Bd7 $146 ({Predecessor:} 12... Bxe5 13. dxe5 Qa5 14. Bg5 Rfe8 15. h3 Be6 16. f4 Rad8 17. f5 Bc4 18. Rf3 Qc7 {1-0 (43) Yankelevich,L (2444)-Finek,V (2419) Vienna 2022}) 13. Be3 {White is slightly better.} Bxe5 14. dxe5 Qa5 15. f4 {f5 is the strong threat.} c4 16. f5 {Strongly threatening Qd2.} Qxe5 {[%cal Od7f5]} 17. Bd4 Qc7 18. f6 exf6 (18... e5 $14 19. Bc5 Rfd8) 19. Qd2 Qd6 20. Rxf6 (20. Qh6 $6 Rfe8 $14) 20... Qe7 21. Qg5 {Prevents c5.} (21. Raf1 $1 $16) 21... Rfe8 (21... Qxe4 $11 {keeps the balance.} 22. Raf1 Qd5) 22. Rd1 {White is much more active.} ({White should try} 22. Raf1 $16 c5 23. Bxc5) 22... Rab8 $14 (22... Qxe4 $2 23. Rxf7 $3 {[%mdl 512]} Qe1+ 24. Rxe1 $18) 23. Rdf1 $1 ({But not} 23. Bxa7 $2 Rb5 24. Qf4 {[#]} Bg4 $1 {[%mdl 512]} 25. Qxg4 Qxf6 $19) (23. Bc5 Qxe4 24. Rf4 (24. Rxd7 $2 Rb1+ 25. Kf2 h6 $19) 24... Qe2 $17) 23... c5 $1 (23... Rb2 $2 24. Rxf7 Rxg2+ 25. Qxg2 $18) 24. Bxc5 Rb5 25. Bxe7 {White wants to mate with Bc5.} Rxg5 26. Rxf7 Rf5 27. exf5 (27. R1xf5 $2 {loses.} gxf5 28. Rf6 Rxe7 $19) 27... Kxf7 {[%mdl 4096] Endgame KRB-KRB} 28. f6 Rb8 {Prevents Rb1.} 29. Rd1 Be6 30. Kf2 (30. h4 $14) 30... Rb2+ $11 31. Kf3 h5 {aiming for ...Bg4+.} 32. Rd8 {[%csl Ge7][%cal Rd8f8]} Bg4+ (32... g5 $1 $11) 33. Kg3 $16 Rxa2 (33... g5 $142) 34. h4 ({White should play} 34. Rf8+ $16 Ke6 35. Rc8) 34... Rc2 (34... Ra5 $14) 35. Ra8 $2 ({Worse is} 35. Rf8+ Ke6 $11) (35. Kf4 $16) 35... Rxc3+ {Weighted Error Value: White=0.23 (precise) /Black=0.26 (precise)} 1/2-1/2

[Event "AUT Bundesliga 2021-22"]
[Site "Graz"]
[Date "2022.03.24"]
[Round "5.17"]
[White "Acs, Peter"]
[Black "Halvax, Georg"]
[Result "1/2-1/2"]
[WhiteElo "2591"]
[BlackElo "2405"]
[Annotator "TA"]
[PlyCount "112"]
[EventDate "2021.11.04"]
[EventType "team-tourn"]
[EventCountry "AUT"]
[SourceTitle "playchess.com"]
[Source "ChessBase"]
[SourceQuality "1"]

{[%evp 10,112,23,24,22,24,24,5,5,11,0,0,6,0,0,-6,0,-16,-1,-7,0,0,0,-18,-6,-39,-21,-20,-16,-25,-29,-20,-15,-42,-19,-25,0,-31,0,-41,-45,-68,-37,-97,-97,-84,-85,-95,-102,-325,-119,-114,-86,-172,-173,-211,-153,-161,-85,-97,-77,-77,-70,-81,0,-78,0,-70,-74,-77,0,0,0,0,8,8,8,8,8,8,8,0,126,8,59,36,71,8,17,28,26,20,37,31,65,0,0,0,20,0,0,0,0,0,0]} 1. e4 c5 2. Nf3 Nc6 3. Bb5 g6 4. O-O Bg7 5. Bxc6 bxc6 6. Re1 Qc7 {B31: Sicilian: 2...Nc6 3 Bb5 g6.} 7. c3 {[%cal Bc2c3,Bc3d4,Bd4d5][%mdl 32]} d6 {Inhibits e5.} 8. h3 Nf6 9. d4 cxd4 10. cxd4 O-O 11. Nc3 c5 {[#]} 12. d5 $146 ({Predecessor:} 12. Be3 cxd4 13. Bxd4 Bb7 14. Rc1 Qb8 15. Qd3 e5 16. Be3 Nxe4 17. Nxe4 d5 18. Nc5 {1-0 (35) Le,Q (2713)-Adhiban,B (2654) Moscow 2019}) 12... Nd7 13. Bf4 Rb8 14. Qd2 Re8 15. Rab1 a5 16. Bh6 Bh8 17. h4 {[%cal Oh4h5]} Ne5 18. Nxe5 Bxe5 19. Bf4 Bg7 20. h5 Bd7 21. Bh6 Be5 22. Bf4 Bg7 23. Bh6 Be5 24. hxg6 (24. Bf4 $11) 24... hxg6 $15 25. Be3 Rb4 26. f3 (26. Bf4 $15) 26... Reb8 $17 27. Nd1 Qb7 28. a3 Rb3 {[%cal Ob3a3]} 29. Qxa5 $2 (29. Rc1 $17) 29... Ra8 $2 (29... c4 $1 $19 {[%cal Oc4c3] is more deadly. White must now prevent ...c3!} 30. Qd2 c3) 30. Qd2 Raxa3 31. f4 (31. Bf4 $17 {might work better.}) 31... Bg7 $19 32. f5 Ra4 33. fxg6 fxg6 (33... Rxe4 $19 34. Nc3 Rg4 35. gxf7+ Kxf7 36. Rf1+ Ke8) 34. Bh6 {aiming for Bxg7.} Bf6 35. Bg5 Bd4+ 36. Be3 $1 Bf6 {This bishop pair is nice.} 37. Bg5 $1 Bd4+ 38. Be3 $1 Be5 39. Bf4 {[#] And now Bxe5 would win.} Rd4 (39... Bh8 $1 $17 40. Bg5 Qb4 41. Qxb4 Rbxb4 42. Bxe7 Bd4+ 43. Kh1 Ra6) 40. Qf2 $11 Bf6 41. Bxd6 {[%cal Ob1a1]} Rxe4 {[%mdl 64] Remove Defender} 42. Rxe4 Bf5 $132 {[%mdl 2048] [#] Black puts up resistance} 43. Rxe7 Bxe7 44. Bxe7 Qxe7 45. Ra1 Rb8 {[#]} (45... Qe4 $11) 46. Nc3 (46. Ne3 $1 $16 Qe5 47. Nxf5 gxf5 48. Qxc5) 46... Kg7 (46... Qe5 $1 $11) 47. Re1 Qf6 48. Re2 ({White should play} 48. Qxc5 $16 Qb6 49. Qxb6 Rxb6 50. Re2) 48... Qd4 49. Rd2 Qe5 50. Qe2 Qd6 51. Qe3 Rh8 52. Re2 (52. g3 $14) 52... Qh2+ {The position is equal.} 53. Kf2 Qh4+ 54. g3 Qd4 55. Kg2 Bh3+ 56. Kg1 Bg4 {And White is the lucky defender.  Weighted Error Value: White=0.19 (very precise) /Black=0.25 (precise)} 1/2-1/2

[Event "AUT Bundesliga 2021-22"]
[Site "Graz"]
[Date "2022.03.24"]
[Round "5.18"]
[White "Naumann, Alexander"]
[Black "Schlosser, Philipp"]
[Result "1/2-1/2"]
[WhiteElo "2514"]
[BlackElo "2512"]
[Annotator "TA"]
[PlyCount "43"]
[EventDate "2021.11.04"]
[EventType "team-tourn"]
[EventCountry "AUT"]
[SourceTitle "playchess.com"]
[Source "ChessBase"]
[SourceQuality "1"]

{[%evp 21,43,23,16,0,15,-5,-14,0,0,0,0,-11,0,-28,-22,-22,0,-9,0,-27,0,-12,0,-32]} 1. c4 c5 2. Nf3 Nf6 3. Nc3 d5 4. cxd5 Nxd5 5. d4 e6 6. g3 Nc6 7. Bg2 Be7 8. O-O O-O 9. Nxd5 exd5 10. dxc5 Bxc5 11. Bg5 Qd7 12. Ne1 {D41: Queen's Gambit Declined: Semi-Tarrasch with 5 cxd5.} h6 13. Bf4 Rd8 14. Nd3 Bb6 15. Rc1 Qe7 16. Re1 Bf5 17. a3 Qf6 {[#]} 18. Rf1 $146 ({Predecessor:} 18. Rc2 a5 19. Rf1 g5 20. Bc1 a4 21. Rd2 Be4 22. Nb4 Nxb4 {½-½ (22) Colovic,A (2443)-Priyadharshan,K (2411) Sort 2009}) 18... Qe7 19. Re1 Qf6 20. Rf1 Qe7 21. Re1 Qf6 22. Rf1 {Not much happened in this game.  Weighted Error Value: White=0.07 (flawless) /Black=0.07 (flawless)} 1/2-1/2